Oklahoma City Thunder 2024-2025 Roster - Statistics

General Stats
  • This quiz has been taken 252 times
  • The average score is 13 of 18
Answer Stats
Jersey # Answer % Correct
2 Shai Gilgeous-Alexander
99%
8 Jalen Williams
96%
6 Jaylin Williams
96%
7 Chet Holmgren
95%
34 Kenrich Williams
94%
9 Alex Caruso
89%
55 Isaiah Hartenstein
89%
5 Luguentz Dort
89%
11 Isaiah Joe
74%
21 Aaron Wiggins
69%
22 Cason Wallace
66%
44 Nikola Topic
55%
13 Ousmane Dieng
48%
25 Ajay Mitchell
47%
15 Branden Carlson
43%
3 Dillon Jones
43%
88 Alex Ducas
35%
14 Adam Flagler
32%
No matching quizzes found
Score Distribution
Percent of People with Each Score
Percentile by Number Answered
Your Score History
You have not taken this quiz